| 000 | 00861 a2200217 4500 | ||
|---|---|---|---|
| 999 |
_c3296 _d3296 |
||
| 020 | _a0865439915 | ||
| 020 | _a0865439923 (pbk.) | ||
| 050 | 0 | 0 | _aPN 849 FAL 2002 |
| 100 |
_aFalola Toyin _eEditor |
||
| 245 | 0 | 0 |
_aPalavers of African literature : _bessays in honor of Bernth Lindfors / _cedited by Toyin Falola & Barbara Harlow. |
| 264 |
_aEritrea: _bAfrica World Press, _c2002. |
||
| 300 |
_a 399p. : _bill. ; |
||
| 500 | _aVol. 2 published with title: African writers and their readers. | ||
| 504 | _aIncludes bibliographical references and index. | ||
| 650 | 0 |
_aAfrican literature _xHistory and criticism. |
|
| 700 | 1 | _aFalola, Toyin. | |
| 700 | 1 |
_aHarlow, Barbara, _d1948-2017. |
|
| 700 | 1 | _aLindfors, Bernth. | |
| 942 |
_2lcc _cBK _h849 _iFAL _kPN |
||